Ed Sheeran - + - Statistics

General Stats
  • This quiz has been taken 10 times
  • The average score is 9 of 16
Answer Stats
2011 + % Correct
6 Small Bump
83%
1 The A Team
83%
2 Drunk
67%
12 Give Me Love
67%
11 Kiss Me
67%
9 Lego House
67%
10 You Need Me, I Don't Need You
67%
13 Autumn Leaves
50%
15 Gold Rush
50%
4 Grade 8
50%
8 The City
50%
7 This
50%
3 U.N.I.
50%
5 Wake Me Up
50%
14 Little Bird
33%
16 Sunburn
33%
No matching quizzes found
Score Distribution
Percent of People with Each Score
Percentile by Number Answered
Your Score History
You have not taken this quiz